LEADER 00900nas a2200241 i 4500 001 000000158975 003 CaOOAMICUS 005 20071126000000.0 008 070212b2007 ne uu u0 0mul r 013 $a136338 040 $aSeMil$bita 245 10$a[2007 : 1]. 260 $aLeiden ; Boston :$bBrill,$ccopyr. 2007. 300 $a164 p. ;$c24 cm. 500 $aArticoli con sintesi in inglese [Abstract] in testa. 700 1 $aGarcía Martínez, Florentino.$0(OLS)http://semarc/name/7516 773 0 $tJournal for the Study of Judaism.$dLeiden : Brill $x0047-2212$w()2390 774 0 $t[vedi periodico].$w()265877 850 $aSeMil 852 $aSeMil$W1$xVenegono$y1$m239 1 50$j110563$B110563$CSeMilBibl$Z2$F129208 $85 961 $aAbbonamento: Brill 996 $6245$a[2007 : 1]$9(OLS)http://semarc/title/140710 996 $6260$aLeiden ; Boston :$bBrill$9(OLS)http://semarc/publisher/39473 LEADER 00532naa a2200157 i 4500 001 000000305464 003 CaOOAMICUS 005 20180831172838.0 008 180831n it u000 u ita u 013 $a13650 040 $aSeMil$bita 100 1 $aPapa, Pasquale.$0(OLS)http://semarc/name/11376 245 13$aIl Canto 34. dell'Inferno. 1900. 650 4$aLectura Dantis - Inferno - Canto 34.$0(OLS)http://semarc/subject/31518 773 0 $tVol. 4.$gp.6-45$w()163588 996 $6245$aIl Canto 34. dell'Inferno. 1900$9(OLS)http://semarc/title/381104